| 000 | 00672nam a2200217 a 4500 | ||
|---|---|---|---|
| 001 | BRCA_6727 | ||
| 005 | 20190320205552.0 | ||
| 008 | 191011s1901----mx-#######---#000-0#spa-# | ||
| 041 | _aspa | ||
| 044 | _amx | ||
| 050 | 4 |
_aPQ7297 _b.S28 S4 _c1901 |
|
| 100 | 1 |
_aSan Juan, Manuel H. _916805 |
|
| 245 | 1 | 0 |
_aEl señor gobernador _bBreves apuntamientos sobre cosas nacionales del siglo pasado _cCon un prólogo de Luis González Obregón. |
| 260 |
_aMéxico _bImp. de m. nava _c1901 |
||
| 300 |
_a158 p. _c16 cm. |
||
| 440 | 0 |
_aNarraciones mexicanas _916806 |
|
| 500 | _aL63 | ||
| 700 | 1 |
_aGonzález Obregón, Luis _f1865-1938 _eprol. _97954 |
|
| 902 | _aGFM | ||
| 942 |
_2lcc _cB |
||
| 999 |
_c6410 _d6410 |
||